|
|
|
|
| LEADER |
00000cam a2200000 7i4500 |
| 001 |
0000049941 |
| 005 |
20081029093000.0 |
| 008 |
081029s2005 my eng |
| 020 |
|
|
|a 967942698X
|
| 090 |
0 |
0 |
|a RD732.3.C48
|b S53 2005
|
| 100 |
0 |
|
|a Sharaf Ibrahim ,
|e author
|
| 245 |
1 |
0 |
|a Illustrating paediatric orthopaedics
|c Sharaf Ibrahim
|
| 260 |
|
|
|a Bangi :
|b Penerbitan Universiti Kebangsaan Malaysia ,
|c c2005
|
| 300 |
|
|
|a 139 p. :
|b col.ill. ;
|c 23 cm.
|
| 504 |
|
|
|a Includes bibliographical references and index
|
| 650 |
|
0 |
|a Orthopedics
|
| 650 |
|
0 |
|a Pediatric orthopedics
|
| 650 |
|
0 |
|a Pediatrics
|
| 999 |
|
|
|a 1000106503
|b Book
|c OPEN SHELF (30 DAYS)
|e Gong Badak Campus
|